Проектирование роторных машин и линий: учебное пособие для вузов

Մատենագիտական մանրամասներ
Հիմնական հեղինակ: Клусов И. А. Игорь Александрович
Լեզու:ռուսերեն
Հրապարակվել է: Москва, Машиностроение, 1990
Շարք:Для вузов
Խորագրեր:
Ձևաչափ: MixedMaterials Գիրք
KOHA link:https://koha.lib.tpu.ru/cgi-bin/koha/opac-detail.pl?biblionumber=239767

MARC

LEADER 00000nam0a2200000 4500
001 239767
005 20231101231709.0
010 |a 521700827Х 
035 |a (RuTPU)RU\TPU\book\260992 
090 |a 239767 
100 |a 20130614d1990 m y0rusy50 ca 
101 0 |a rus 
102 |a RU 
105 |a a j 001zy 
200 1 |a Проектирование роторных машин и линий  |e учебное пособие для вузов  |f И. А. Клусов 
210 |a Москва  |c Машиностроение  |d 1990 
215 |a 320 с.  |c ил. 
225 1 |a Для вузов 
320 |a Библиогр.: с. 316. 
320 |a Предметный указатель: с. 317-319. 
606 1 |a Роторные линии  |x Металлообрабатывающие станки  |2 stltpush  |3 (RuTPU)RU\TPU\subj\53542  |9 71730 
610 1 |a роторные машины 
610 1 |a проектирование 
610 1 |a учебные пособия 
610 1 |a классификация 
610 1 |a устройства 
610 1 |a компоновка 
675 |a 621.9.06-193:658.527(075.8)  |v 3 
700 1 |a Клусов  |b И. А.  |g Игорь Александрович 
801 1 |a RU  |b 63413507  |c 20130614 
801 2 |a RU  |b 63413507  |c 20221006  |g RCR 
942 |c BK